[Event "Oberliga Sued W 0607"]
[Site "Germany"]
[Date "2007.01.07"]
[Round "5.5"]
[White "Schaper, Bjoern"]
[Black "Bureik, Matthias"]
[Result "1/2-1/2"]
[WhiteElo "2159"]
[BlackElo "2184"]
[PlyCount "22"]
[EventDate "2006.10.15"]
[EventType "team-tourn"]
[EventRounds "9"]
[EventCountry "GER"]
[SourceTitle "EXT 2009"]
[Source "ChessBase"]
[SourceDate "2008.11.26"]
[SourceVersion "1"]
[SourceVersionDate "2008.11.26"]
[SourceQuality "1"]
[WhiteTeam "Kaiserslautern Mehlingen"]
[BlackTeam "Saarbruecken"]
[WhiteTeamCountry "GER"]
[BlackTeamCountry "GER"]

1. e4 d5 2. exd5 Qxd5 3. d4 Nf6 4. Nf3 a6 5. Be2 Bg4 6. Be3 e6 7. 0-0 Nc6 8. Nbd2 Be7 9. a3 0-0 10. b4 Rfd8 11. c3 h6 1/2-1/2

[Event "Oberliga Sued W 0506"]
[Site "Germany"]
[Date "2005.10.23"]
[Round "1.6"]
[White "Schaper, Bjoern"]
[Black "Johann, Stefan"]
[Result "1/2-1/2"]
[WhiteElo "2108"]
[BlackElo "2200"]
[PlyCount "136"]
[EventDate "2005.10.23"]
[EventType "team-tourn"]
[EventRounds "9"]
[EventCountry "GER"]
[SourceTitle "EXT 2007"]
[Source "ChessBase"]
[SourceDate "2006.11.23"]
[SourceVersion "1"]
[SourceVersionDate "2006.11.23"]
[SourceQuality "1"]
[WhiteTeam "Kaiserslautern Mehlingen"]
[BlackTeam "Ludwigshafen"]
[WhiteTeamCountry "GER"]
[BlackTeamCountry "GER"]

1. e4 c6 2. d4 d5 3. exd5 cxd5 4. Bd3 Nf6 5. c3 Nc6 6. Bf4 e6 7. Nf3 Bd6 8. Bg5 0-0 9. 0-0 a6 10. Nbd2 b5 11. a3 Re8 12. Re1 Be7 13. b4 Nd7 14. Bf4 Nb6 15. Nb3 Na4 16. Nc5 Nxc5 17. bxc5 Bf6 18. Be5 Nxe5 19. Nxe5 Bxe5 20. Rxe5 g6 21. Re3 e5 22. Qe1 e4 23. Bf1 Bd7 24. g3 f5 25. f4 Qf6 26. h4 h6 27. Kf2 g5 28. hxg5 hxg5 29. Be2 Kg7 30. Qd2 Rh8 31. Rg1 Rh2+ 32. Rg2 Rxg2+ 33. Kxg2 Rh8 34. Bf1 Qh6 35. Kf2 gxf4 36. gxf4 Qxf4+ 37. Ke1 Rh1 38. Qg2+ Kf6 39. Qxh1 Qxe3+ 40. Kd1 Kg7 41. Qg2+ Kh7 42. Qh2+ Qh6 43. Qc7 Qe6 44. Qh2+ Kg7 45. Qg3+ Kf7 46. Qf4 Qf6 47. Be2 Kg7 48. Qg3+ Kh7 49. Qh2+ Qh6 50. Qc7 Qg7 51. Qh2+ Kg8 52. Qb8+ Kh7 53. Qh2+ Qh6 54. Qc7 Qe6 55. Qh2+ Kg7 56. Qg3+ Kf8 57. Qb8+ Ke7 58. Qf4 Kd8 59. Qb8+ Bc8 60. Qf4 Qc6 61. Kc2 Bd7 62. Qb8+ Bc8 63. Qf4 Be6 64. Qe5 Kc8 65. Kd2 Bd7 66. Qf4 Kb7 67. Ke3 Qg6 68. Kd2 Be8 1/2-1/2

[Event "Oberliga Sued W 0102"]
[Site "Germany"]
[Date "2002.03.17"]
[Round "?"]
[White "Mischke, Luis"]
[Black "Schaper, Bjoern"]
[Result "1/2-1/2"]
[WhiteElo "1986"]
[BlackElo "2138"]
[PlyCount "78"]
[EventDate "2001.10.09"]
[EventType "team"]
[EventRounds "9"]
[EventCountry "GER"]
[SourceTitle "EXT 2003"]
[Source "ChessBase"]
[SourceDate "2002.11.25"]
[SourceVersion "1"]
[SourceVersionDate "2002.11.25"]
[SourceQuality "1"]

1. e4 e5 2. Nf3 Nc6 3. d4 exd4 4. c3 d3 5. Bxd3 d6 6. h3 Be7 7. 0-0 Nf6 8. Nbd2 0-0 9. Nd4 Nd7 10. f4 Bf6 11. N2f3 Nc5 12. Bc2 Re8 13. Nxc6 bxc6 14. e5 Be7 15. b4 Nd7 16. Nd4 Bb7 17. Qd3 Nf8 18. Ba4 dxe5 19. fxe5 Ne6 20. Bc2 g6 21. Nxe6 Qxd3 22. Bxd3 fxe6 23. Bc4 Bf8 24. Be3 a5 25. a3 Ba6 26. Bxa6 Rxa6 27. Rad1 axb4 28. axb4 Ra3 29. Bd4 Bg7 30. Rd3 Rea8 31. Rdf3 Ra1 32. Rxa1 Rxa1+ 33. Rf1 Rxf1+ 34. Kxf1 Kf7 35. Ke2 Ke7 36. Kd3 Kd7 37. Ke4 Ke7 38. Be3 Kd7 39. Bd4 Ke7 1/2-1/2

[Event "Oberliga Sued W 0102"]
[Site "Germany"]
[Date "2001.12.16"]
[Round "?"]
[White "Markmann, Ulrich"]
[Black "Schaper, Bjoern"]
[Result "1-0"]
[WhiteElo "2216"]
[BlackElo "2138"]
[PlyCount "59"]
[EventDate "2001.10.09"]
[EventType "team"]
[EventRounds "9"]
[EventCountry "GER"]
[SourceTitle "EXT 2003"]
[Source "ChessBase"]
[SourceDate "2002.11.25"]
[SourceVersion "1"]
[SourceVersionDate "2002.11.25"]
[SourceQuality "1"]

1. e4 e5 2. Nf3 Nc6 3. Nc3 d6 4. d4 Bg4 5. d5 Nd4 6. Be3 Nxf3+ 7. gxf3 Bd7 8. Qd2 g6 9. 0-0-0 Bg7 10. f4 exf4 11. Bxf4 Qe7 12. f3 0-0-0 13. Bg5 Bf6 14. Be3 Kb8 15. Nb5 Bxb5 16. Bxb5 Qe5 17. Qb4 Bg5 18. Bxg5 Qxg5+ 19. Kb1 Qe3 20. Rd3 Qc5 21. Qa4 Ne7 22. Rc3 Qf2 23. Rf1 Qg2 24. Rd1 Qf2 25. Rf1 Qg2 26. Qc4 Rc8 27. Bc6 Ka8 28. Ra3 Rb8 29. Rxa7+ Kxa7 30. Qa4+ 1-0

[Event "Oberliga Sued W 0102"]
[Site "Germany"]
[Date "2001.10.21"]
[Round "?"]
[White "Schaper, Bjoern"]
[Black "Schettler, Juergen"]
[Result "1/2-1/2"]
[WhiteElo "2138"]
[BlackElo "2164"]
[PlyCount "83"]
[EventDate "2001.10.09"]
[EventType "team"]
[EventRounds "9"]
[EventCountry "GER"]
[SourceTitle "EXT 2003"]
[Source "ChessBase"]
[SourceDate "2002.11.25"]
[SourceVersion "1"]
[SourceVersionDate "2002.11.25"]
[SourceQuality "1"]

1. e4 e6 2. d4 d5 3. exd5 exd5 4. Bd3 Nc6 5. c3 Bd6 6. Ne2 Bg4 7. Qc2 Nge7 8. Be3 Qd7 9. Ng3 Bxg3 10. hxg3 Bf5 11. Nd2 Bxd3 12. Qxd3 Qf5 13. Qxf5 Nxf5 14. Bf4 Kd7 15. Nb3 Rae8+ 16. Kd2 b6 17. Rae1 Rxe1 18. Rxe1 Nd6 19. Bxd6 Kxd6 20. Nc1 Kd7 21. Nd3 Re8 22. Rh1 h6 23. Rh5 Kd6 24. Nf4 Ne7 25. Re5 c6 26. g4 Kd7 27. Nh5 Rg8 28. f4 Nc8 29. g5 Nd6 30. gxh6 Ne4+ 31. Ke3 f6 32. Rxe4 dxe4 33. hxg7 Ke6 34. Kxe4 f5+ 35. Kf3 Kf7 36. g4 Kg6 37. Ng3 fxg4+ 38. Kxg4 Rxg7 39. f5+ Kf6+ 40. Kf4 Rh7 41. Ne4+ Ke7 42. a4 1/2-1/2

[Event "Dortmund Sparkassen op-A"]
[Site "Dortmund"]
[Date "2000.07.14"]
[Round "8"]
[White "Schaper, Bjoern"]
[Black "Busch, Christian"]
[Result "1/2-1/2"]
[WhiteElo "2122"]
[BlackElo "2031"]
[PlyCount "43"]
[EventDate "2000.07.07"]
[EventType "swiss"]
[EventRounds "10"]
[EventCountry "GER"]
[SourceTitle "EXT 2001"]
[Source "ChessBase"]
[SourceDate "2000.11.22"]
[SourceVersion "1"]
[SourceVersionDate "2000.11.22"]
[SourceQuality "1"]

1. e4 d5 2. exd5 Nf6 3. d4 Nxd5 4. Nf3 Bg4 5. Be2 e6 6. 0-0 Be7 7. h3 Bh5 8. Be3 0-0 9. Nbd2 c5 10. Nb3 Nd7 11. Qd2 Rc8 12. c3 c4 13. Nc1 b5 14. Ne5 Bxe2 15. Nxe2 Nxe5 16. dxe5 Nxe3 17. Qxe3 Bc5 18. Qe4 Qb6 19. Ng3 Rfd8 20. Qe2 Rd5 21. Rad1 Rcd8 22. Kh1 1/2-1/2

[Event "Dortmund Sparkassen op-A"]
[Site "Dortmund"]
[Date "2000.07.09"]
[Round "3"]
[White "Villwock, Martin"]
[Black "Schaper, Bjoern"]
[Result "1/2-1/2"]
[WhiteElo "2122"]
[BlackElo "2122"]
[PlyCount "81"]
[EventDate "2000.07.07"]
[EventType "swiss"]
[EventRounds "10"]
[EventCountry "GER"]
[SourceTitle "EXT 2001"]
[Source "ChessBase"]
[SourceDate "2000.11.22"]
[SourceVersion "1"]
[SourceVersionDate "2000.11.22"]
[SourceQuality "1"]

1. e4 e5 2. f4 exf4 3. Nf3 g5 4. Bc4 Bg7 5. 0-0 d6 6. d4 Be6 7. Bxe6 fxe6 8. Nc3 h6 9. Qd3 Qd7 10. e5 Ne7 11. exd6 cxd6 12. Bd2 e5 13. dxe5 dxe5 14. Qe2 Nbc6 15. Ne4 0-0-0 16. Bc3 Nf5 17. Rfd1 Qe7 18. Qb5 Ne3 19. Rd3 Nxc2 20. Rc1 Rxd3 21. Qxd3 N2d4 22. b4 Nxf3+ 23. Qxf3 Kb8 24. Nc5 Rd8 25. Na6+ Ka8 26. b5 e4 27. Qg4 bxa6 28. Bxg7 Qxg7 29. bxc6 Qd4+ 30. Kh1 Qd2 31. Rg1 Qd6 32. Rc1 f3 33. gxf3 exf3 34. Qxf3 Qc7 35. Rb1 Rc8 36. Rc1 Qf4 37. Qc3 Qe4+ 38. Kg1 Qg4+ 39. Kh1 Qe4+ 40. Kg1 Qg4+ 41. Kh1 1/2-1/2